00502 2200181 4500001002100000005001500021008004100036020002200077035001900099041000700118082000900125090001400134100002100148245008300169260003100252300002700283650001000310INLIS00000000000242820180916010552180916||||||||| | ||| |||| || |  a978-602-2160-04-5 0010-0918002428 aid0 aNONE aFik Nag b0 aNagiga Nur Ayati00aBila Esok Ibu Tiada : Kisah Inspiratif & Menyentuh Hati Ketika Ibu Telah Tiada aJakartabPuspa Swarac2014 avi+234hlm.:14,5x20,5cm 0aFiksi